Visualizzazione normale
Vista MARC
- Pastoral theology
di Topical Term
Records bibliografici associati: 2
001 - CONTROL NUMBER
- control field: 229
003 - CONTROL NUMBER IDENTIFIER
- control field: IT-RoPau
005 - DATE AND TIME OF LATEST TRANSACTION
- control field: 20130122230503.0
008 - FIXED-LENGTH DATA ELEMENTS
- fixed length control field: 130122|| aca||aabn | a|a d
040 ## - CATALOGING SOURCE
- Original cataloging agency: IT-RoPau
- Transcribing agency: IT-RoPau
150 ## - HEADING--TOPICAL TERM
- Topical term or geographic name entry element: Pastoral theology
- General subdivision: Catholic Church.
670 ## - SOURCE DATA FOUND
- Source citation: Work cat.: (IT-RoPau)1: Alberione, Giacomo Giuseppe, 1884- [from old catalog] 228, Appunti di teologia pastorale per la scuola ed il ministero., [1960]